New worlds, old ways : speculative tales from the Caribbean /

Bibliographic Details
Other Authors: Lord, Karen, 1968- (Editor)
Format: Book
Language:English
Published: Brooklyn, NY : Peekash Press, [2016]
Subjects:

MARC

Tag First Indicator Second Indicator Subfields
LEADER 00000cam a2200000Ii 4500
001 in00003720149
005 20170926152045.0
008 160901t20162016nyu 000 j eng d
010 |a  2016949537 
020 |a 1617755265 
020 |a 9781617755262 
020 |z 9781617755262  |q (USA ;  |q Akashic) 
024 8 |a 99970010890 
035 |a (OCoLC)ocn957242182 
035 |a (OCoLC)957242182 
040 |a YDX  |b eng  |e rda  |c YDX  |d OCLCQ  |d CDX  |d WIM  |d OCLCF  |d IGA  |d OCL  |d UtOrBLW 
043 |a cc----- 
049 |a TXAM 
050 4 |a PR9205.8  |b .N49 2016 
082 0 4 |a 813.01089729  |2 23 
245 0 0 |a New worlds, old ways :  |b speculative tales from the Caribbean /  |c edited by Karen Lord. 
264 1 |a Brooklyn, NY :  |b Peekash Press,  |c [2016] 
264 4 |c ©2016 
300 |a 159 pages ;  |c 22 cm 
336 |a text  |b txt  |2 rdacontent 
337 |a unmediated  |b n  |2 rdamedia 
338 |a volume  |b nc  |2 rdacarrier 
505 0 0 |t Once in a blood moon /  |r Tammi Browne-Bannister --  |t The passing over of Zephora /  |r Summer Edward --  |t A new life in a new time /  |r Portia Subran --  |t fallenangel.dll /  |r Brandon O'Brien --  |t Maiden of the mud /  |r Kevin Jared Hosein --  |t Water under the bridge /  |r Richard B. Lynch --  |t The ceremony /  |r Elizabeth J. Jones --  |t Daddy /  |r Damion Wilson --  |t Quaka-Hadja /  |r Brian Franklin --  |t Past imperfect /  |r Ararimeh Aiyejina --  |t Cascadura /  |r H.K. Williams. 
650 0 |a Short stories, Caribbean (English)  |0 http://id.loc.gov/authorities/subjects/sh85121839 
650 7 |a Short stories, Caribbean (English)  |2 fast  |0 (OCoLC)fst01117135 
650 7 |a FICTION / Anthologies (multiple authors)  |2 bisacsh 
650 7 |a FICTION / Literary.  |2 bisacsh 
650 7 |a FICTION / Science Fiction / Collections & Anthologies.  |2 bisacsh 
650 7 |a TRAVEL / Caribbean & West Indies.  |2 bisacsh 
655 7 |a Short stories.  |2 fast  |0 (OCoLC)fst01726740 
655 7 |a Science fiction.  |2 lcgft  |0 http://id.loc.gov/authorities/genreForms/gf2014026529 
655 7 |a Fantasy fiction.  |2 lcgft  |0 http://id.loc.gov/authorities/genreForms/gf2014026333 
655 7 |a Short stories.  |2 lcgft  |0 http://id.loc.gov/authorities/genreForms/gf2014026542 
655 7 |a Fantasy fiction.  |2 fast  |0 (OCoLC)fst01726607 
655 7 |a Science fiction.  |2 fast  |0 (OCoLC)fst01726489 
700 1 |a Lord, Karen,  |d 1968-  |e editor.  |0 http://id.loc.gov/authorities/names/n2010000271 
945 |b 935083 
947 |a A14850017154 
994 |a 92  |b TXA 
948 |a Cataloged  |b h  |c 2017/1/20  |d c  |e CFlores 
999 f f |s b34fda64-aa8a-3cef-a5cd-430c27e50fc8  |i f7548fd8-d489-3bdd-8769-0ed2381f5a0a  |t 0 
952 f f |p normal  |a Texas A&M University  |b College Station  |c Sterling C. Evans Library  |d Evans: Library Stacks  |t 0  |e PR9205.8 .N49 2016  |h Library of Congress classification  |i unmediated -- volume  |m A14850017154 
998 f f |a PR9205.8 .N49 2016  |t 0  |l Evans: Library Stacks